Central Library OPAC University of Rajshahi
Normal view MARC view

Entry Personal Name

Number of records used in: 9

001 - CONTROL NUMBER

  • control field: 8782

003 - CONTROL NUMBER IDENTIFIER

  • control field: BD-RjUL

005 - DATE AND TIME OF LATEST TRANSACTION

  • control field: 20230904183526.0

008 - FIXED-LENGTH DATA ELEMENTS

  • fixed length control field: 230904|| aca||aabn | a|a d

040 ## - CATALOGING SOURCE

  • Original cataloging agency: BD-RjUL
  • Transcribing agency: BD-RjUL

100 ## - HEADING--PERSONAL NAME

  • Personal name: Mostafa, Md. Golam, Supervisor

670 ## - SOURCE DATA FOUND

  • Source citation: Work cat.: (BD-RjUL)81849: Shakil, Md. Shakilur Zaman 8780, Impact of paper mill effluents on surface and ground water in the Northern part of Bangladesh /, 2021